| 000 | 00490nam a2200169Ia 4500 | ||
|---|---|---|---|
| 003 | LDD | ||
| 008 | 190117s9999 xx 000 0 und d | ||
| 020 |
_a8170162912 _c₹250 |
||
| 040 | _cLDD | ||
| 041 | _ahi | ||
| 082 | _a8h0.9 वि6918 | ||
| 100 | _aनगेन्द्र | ||
| 245 | 0 |
_aविश्व साहित्य शास्त्र _cनगेन्द्र |
|
| 260 |
_aनई दिल्ली _bकिताबघर _c1996 |
||
| 300 | _a388 | ||
| 942 |
_2ddc _cH |
||
| 999 |
_c161914 _d161914 |
||